European birds - Statistics

General Stats
  • This quiz has been taken 7 times
  • The average score is 6 of 15
Answer Stats
Hint Answer % Correct
Red-legged crow Chough
83%
Even blacker cormorant Shag
83%
A bunting, not a tool Yellowhammer
83%
Onomatopoeic warbler Chiffchaff
67%
Punk plover Lapwing
67%
Small mountain grouse Ptarmigan
50%
Flax finch Linnet
33%
Not a puffin puffin Manx shearwater
33%
Neither lesser nor great Middle spotted woodpecker
33%
White-breasted thrush Ring ouzel
33%
Untufted duck Scaup
33%
More complimentary in the plural Great tit
17%
Table-top footballer Hobby
17%
Melliferously misnamed Honey buzzard
0%
One letter away from a very annoying child Little bustard
0%
No matching quizzes found
Score Distribution
Percent of People with Each Score
Percentile by Number Answered
Your Score History
You have not taken this quiz